000 00459nam a22001337a 4500
008 140212b xxu||||| |||| 00| 0 eng d
050 _aBX809.S7.M555
100 _aMercier, Charles
_98626
245 _aLa Societe De Saint-Vincent-De-Paul
_bUne Memoire des Origines en Mouvement 1833-1914 /
_cCharles Mercier
260 _aParis
_bL' Harmattan
_c2006
300 _a165p.; 22cm.
650 _aSociety of St. Vincent de Paul
_98627
942 _2lcc
_cMONOGRAPH
999 _c120046
_d120046